000 00662nam a2200217Ia 4500
003 OSt
005 20250122092924.0
008 210210b1983 xxu||||| |||| 00| 0 eng d
040 _cAL
041 _aSanskrit
082 _aS891.1 UPAD
100 _aUPADHYAYA (Kanaradi Viththala).
_dकनारादि विट्ठल उपाध्याय
_9194421
245 _aDhruva charitam.
_bध्रुव चरितम्
260 _aKundapura
_bAkhila Karnataka Samskrata Parishad
_c1983
300 _a53
650 _aDhruva
_9194422
650 _acharitam.
_9194423
690 _aSanskrit Poetry
_9194424
906 _aSG02456
942 _2ddc
_cBK
999 _c113343
_d113343